Work in progress a guide to academic writing and revising
Պահպանված է:
| Հիմնական հեղինակ: | |
|---|---|
| Ձևաչափ: | Գիրք |
| Լեզու: | անգլերեն |
| Հրապարակվել է: |
Bedford / St. Martin
2001.
|
| Ցուցիչներ: |
Ավելացրեք ցուցիչ
Չկան պիտակներ, Եղեք առաջինը, ով նշում է այս գրառումը!
|
MARC
| LEADER | 00000nam a22000007a 4500 | ||
|---|---|---|---|
| 008 | 211103b ||||| |||| 00| 0 eng d | ||
| 100 | |a Ede, Iisa S.1947. | ||
| 245 | |a Work in progress a guide to academic writing and revising |c Lisa Ede |g xxii, 474 p. : ill. | ||
| 250 | |b 5th edition. | ||
| 260 | |b Bedford / St. Martin |c 2001. |d Book. |h Boston. |i 662717 |i 662718 |i 662719. |i 662720. |i 662721. |i 662722 |l E1408.Ed2 |m English language--Rhetoric. |m Report writing. | ||
| 500 | |a Includes bibliographical references (p.451-456) and index. | ||
| 942 | |a lcc |c BK |e Olagoke, M.A. |f 03/11/2021. | ||
| 952 | |0 0 |1 0 |2 lcc |4 0 |7 0 |9 3831 |a HOL |b HOL |c LP |d 2021-11-03 |o E1408.Ed2. |p 2021-67561 |r 2021-11-03 00:00:00 |t 662717 |w 2021-11-03 |y BK | ||
| 952 | |0 0 |1 0 |2 lcc |4 0 |7 0 |9 3832 |a HOL |b HOL |c LP |d 2021-11-03 |o E1408.Ed2. |p 2021-67562 |r 2021-11-03 00:00:00 |t 662718 |w 2021-11-03 |y BK | ||
| 952 | |0 0 |1 0 |2 lcc |4 0 |7 0 |9 3833 |a HOL |b HOL |c LP |d 2021-11-03 |o E1408.Ed2. |p 2021-67563 |r 2021-11-03 00:00:00 |t 662719 |w 2021-11-03 |y BK | ||
| 952 | |0 0 |1 0 |2 lcc |4 0 |7 0 |9 3834 |a HOL |b HOL |c LP |d 2021-11-03 |o E1408.Ed2. |p 2021-67564 |r 2021-11-03 00:00:00 |t 662720 |w 2021-11-03 |y BK | ||
| 952 | |0 0 |1 0 |2 lcc |4 0 |7 0 |9 3835 |a HOL |b HOL |c LP |d 2021-11-03 |o E1408.Ed2. |p 2021-67565 |r 2021-11-03 00:00:00 |t 662721 |w 2021-11-03 |y BK | ||
| 952 | |0 0 |1 0 |2 lcc |4 0 |7 0 |9 3836 |a HOL |b HOL |c LP |d 2021-11-03 |o E1408.Ed2. |p 2021-67566 |r 2021-11-03 00:00:00 |t 662722 |w 2021-11-03 |y BK | ||
| 999 | |c 1917 |d 1917 | ||